000 nam a22 a 4500
999 _c2030
_d2030
003 AKMAL
005 20170515091234.0
008 170515s2005 my a e | f000 0 may d
020 _cRM100.00
040 _aAKMAL
_cAKMAL
082 0 4 _a353.36 SUR
_222
090 0 0 _a353.36
_bSUR
110 1 _aMalaysia.
_bSuruhanjaya Diraja Penambahbaikan Perjalanan dan Pengurusan Polis Diraja Malaysia
_94202
245 1 0 _aLaporan Suruhanjaya Diraja Penambahbaikan Perjalanan dan Pengurusan Polis Diraja Malaysia
260 _a[Kuala Lumpur] :
_b[Percetakan Nasional Malaysia],
_c[2005]
300 _avi, [485]ms. :
_bil. wrn. ;
_c30cm.
500 _aJudul kulit depan
500 _aJuga diterbitkan dalam bahasa Inggeris
650 1 0 _aPolice administration
_zMalaysia
_94203
650 2 0 _aPolice
_zMalaysia
_94204
856 4 1 _uhttp://www.pnm.my/tag856/Laporan/cc.pdf
_ycc.pdf
942 _2ddc
_cBOOK